Desert ecosystems : (Record no. 52759)

MARC details
000 -LEADER
fixed length control field 00599nam a2200217Ia 4500
005 - DATE AND TIME OF LATEST TRANSACTION
control field 20260429112159.0
008 - FIXED-LENGTH DATA ELEMENTS--GENERAL INFORMATION
fixed length control field 260429s9999||||xx |||||||||||||| ||und||
020 ## - INTERNATIONAL STANDARD BOOK NUMBER
International Standard Book Number 9789381891902
041 ## - LANGUAGE CODE
Language English
082 ## - DEWEY DECIMAL CLASSIFICATION NUMBER
Classification number 577.54
Item number RAT
100 ## - MAIN ENTRY--PERSONAL NAME
Personal name Rathore, M. S.
245 #0 - TITLE STATEMENT
Title Desert ecosystems :
Remainder of title rescripting development paradigms /
Statement of responsibility, etc M. S. Rathore
250 ## - EDITION STATEMENT
Edition statement 1st ed.
260 ## - PUBLICATION, DISTRIBUTION, ETC. (IMPRINT)
Place of publication, distribution, etc New Delhi :
Name of publisher, distributor, etc Capital Publishing Company,
Date of publication, distribution, etc 2025.
300 ## - PHYSICAL DESCRIPTION
Extent xxx, 384 p.; hb
650 ## - SUBJECT ADDED ENTRY--TOPICAL TERM
Topical term or geographic name as entry element Desert
650 ## - SUBJECT ADDED ENTRY--TOPICAL TERM
Topical term or geographic name as entry element Ecosystems
700 ## - ADDED ENTRY--PERSONAL NAME
Personal name Partap, Tej
700 ## - ADDED ENTRY--PERSONAL NAME
Personal name Rathore, Laxman Singh
942 ## - ADDED ENTRY ELEMENTS (KOHA)
Koha item type Text Books
Holdings
Withdrawn status Lost status Damaged status Not for loan Collection code Home library Location Shelving location Date of Cataloging Source of acquisition Total Checkouts Full call number Barcode Date last seen Price effective from Koha item type
        Non-fiction CUTN Central Library CUTN Central Library Sciences 29/04/2026 Techniz Books International, New Delhi - Invoice No. INT202601640 on 09-02-2026   577.54 RAT 57878 29/04/2026 29/04/2026 Text Books